Opciones, futuros e instrumentos derivados
Saved in:
| Main Author: | |
|---|---|
| Format: | Book |
| Language: | Spanish |
| Published: |
Barcelona
Deusto S.A
1996
|
| Subjects: | |
| Tags: |
Add Tag
No Tags, Be the first to tag this record!
|
MARC
| LEADER | 00000nam a2200000 a 4500 | ||
|---|---|---|---|
| 001 | UCG3075 | ||
| 003 | CL-VaPUC | ||
| 008 | 100805e19960000SP |||||||||||||||||spa|d | ||
| 020 | |a 8423414345 | ||
| 082 | 0 | 4 | |a 332.645 |b FER |2 21 |
| 100 | 0 | |a Fernández, Pablo |e author |9 551898 | |
| 245 | 1 | 0 | |a Opciones, futuros e instrumentos derivados |
| 300 | |a 385 p | ||
| 942 | |c BK | ||
| 945 | |d 20100805 00:00:00 |a mfarfan | ||
| 260 | |a Barcelona |b Deusto S.A |c 1996 | ||
| 650 | 7 | |a MERCADOS A FUTURO |2 CL-VaPUC |9 469649 | |
| 650 | 7 | |a OPCIONES FINANZAS |2 CL-VaPUC |9 330058 | |
| 650 | 7 | |a ESPECULACIONES MERCANTILES |2 CL-VaPUC |9 551899 | |
| 583 | |a last modification |c 20100805 00:00:00 |k Rodrigo Vera | ||
| 999 | |c 342173 |d 342171 | ||
| 952 | |0 0 |1 0 |4 0 |6 332_645000000000000_FER_1996 |7 0 |8 A |9 438204 |a BIBGIM |b BIBGIM |d 2019-11-22 |i 4703510 |l 1 |o 332.645 FER 1996 |p 4703510 |r 2025-01-15 |s 2022-11-21 |w 2019-11-22 |y BK |k COM | ||